Evaluación del efecto de la concentración de hidróxido de sodio, relación de enzimas, tiempo de hidrólisis, y la concentración de un sustrato de bagazo de caña en la hidrólisis y fermentación de un sistema integrado
Kaydedildi:
| Yazar: | |
|---|---|
| Materyal Türü: | Kitap |
| Baskı/Yayın Bilgisi: |
San José, Costa Rica
2010
|
| Konular: | |
| Etiketler: |
Etiketle
Etiket eklenmemiş, İlk siz ekleyin!
|
MARC
| LEADER | 00000nam a2200000Ia 4500 | ||
|---|---|---|---|
| 003 | 010222 | ||
| 005 | 20221231144032.0 | ||
| 008 | 140114s2010 cr a 000 ||s d | ||
| 040 | |c cru CEDI | ||
| 090 | |a TFG 6276 | ||
| 100 | |a Tropper Fachler, Natalie |9 2784 | ||
| 245 | |a Evaluación del efecto de la concentración de hidróxido de sodio, relación de enzimas, tiempo de hidrólisis, y la concentración de un sustrato de bagazo de caña en la hidrólisis y fermentación de un sistema integrado | ||
| 260 | |c 2010 |b San José, Costa Rica | ||
| 500 | |a Proyecto de graduación (licenciatura en ingeniería química)--Universidad de Costa Rica. Facultad de Ingeniería. Escuela de Ingeniería química | ||
| 650 | |x HIDROLISIS |x PRUEBAS |x FERMENTACION |x GLUCOSA |x ALCOHOL |x ENZIMAS |x APLICACIONES INDUSTRIALES |x BAGAZO DE CAÑA |x INGENIERÍA QUÍMICA |x EXPERIMENTOS |9 2785 | ||
| 942 | |c TFG | ||
| 999 | |c 15928 |d 15928 | ||
